[Event "Vladimir op-B"]
[Site "Vladimir"]
[Date "2008.08.22"]
[Round "10.7"]
[White "Stukalov, Alexander"]
[Black "Ivanova, Anna"]
[Result "1-0"]
[WhiteElo "2305"]
[BlackElo "2157"]
[PlyCount "147"]
[EventDate "2008.08.12"]
[EventType "swiss"]
[EventRounds "10"]
[EventCountry "RUS"]
[SourceTitle "EXT 2022"]
[Source "ChessBase"]
[SourceDate "2021.10.06"]
[SourceVersion "1"]
[SourceVersionDate "2021.10.06"]
[SourceQuality "1"]

1. c4 c5 2. Nc3 Nc6 3. g3 g6 4. Bg2 Bg7 5. e4 d6 6. Nge2 Nf6 7. d3 Be6 8. h3 Qc8 9. Rb1 0-0 10. a3 a5 11. Nf4 Bd7 12. 0-0 Rb8 13. Kh2 e5 14. Nfd5 Nxd5 15. Nxd5 Qd8 16. Bd2 Nd4 17. b4 axb4 18. axb4 Ra8 19. Ra1 Rxa1 20. Qxa1 Be6 21. Bc3 Bxd5 22. exd5 cxb4 23. Bxb4 Nc2 24. Qb1 Nxb4 25. Qxb4 Qe7 26. Rb1 Qf6 27. Qd2 Qe7 28. Qe3 f5 29. Qb6 e4 30. dxe4 fxe4 31. Re1 Qf6 32. Re2 Qd4 33. Qxd6 Rxf2 34. Qe6+ Kh8 35. Qxe4 Qxe4 36. Rxe4 Bf8 37. Re8 Kg7 38. Kg1 Bc5 39. Rc8 Bd4 40. Kh2 Rf8 41. Rc7+ Rf7 42. d6 Be5 43. Rc5 Bxd6 44. Rb5 Rc7 45. Bd5 Kf6 46. Kg2 h6 47. Kf3 g5 48. g4 Ke7 49. Ke4 Kf6 50. Rb6 Ke7 51. Kd3 Bc5 52. Rxh6 b6 53. Rg6 Rc8 54. Rxg5 Rh8 55. Bg2 Rd8+ 56. Kc3 Rh8 57. Rf5 Ke6 58. Kd3 Be7 59. Ke3 Bc5+ 60. Ke2 Rf8 61. Bd5+ Kd7 62. Rxf8 Bxf8 63. g5 Kd6 64. Bg8 Ke5 65. Kf3 Kf5 66. h4 Bb4 67. Bh7+ Ke6 68. Bg6 Ke7 69. h5 Kf8 70. h6 Kg8 71. Kg4 Bd2 72. Kh5 Bc3 73. Be4 Bd2 74. Bd5+ 1-0

[Event "Vladimir op-B"]
[Site "Vladimir"]
[Date "2008.08.14"]
[Round "3"]
[White "Volkov, Sergei"]
[Black "Ivanova, Anna"]
[Result "1-0"]
[WhiteElo "2256"]
[BlackElo "2157"]
[PlyCount "81"]
[EventDate "2008.08.12"]
[EventType "swiss"]
[EventRounds "10"]
[EventCountry "RUS"]
[SourceTitle "CBM 126 Extra"]
[Source "ChessBase"]
[SourceDate "2008.11.05"]
[SourceVersion "1"]
[SourceVersionDate "2008.11.05"]
[SourceQuality "1"]

1. Nf3 d5 2. d4 e6 3. Bf4 c5 4. c3 cxd4 5. Nxd4 Bd6 6. Bxd6 Qxd6 7. e4 dxe4 8. Nd2 Nf6 9. Bb5+ Bd7 10. Qe2 0-0 11. Nxe4 Nxe4 12. Qxe4 e5 13. Nf5 Bxf5 14. Qxf5 Nc6 15. Rd1 Qc5 16. Be2 Rad8 17. 0-0 Qb6 18. b4 Qc7 19. Bf3 Rxd1 20. Rxd1 Rd8 21. Rxd8+ Qxd8 22. g3 g6 23. Qg4 Qf6 24. Qc8+ Kg7 25. Be4 Nd8 26. Bxb7 Qd6 27. Ba8 h5 28. Qc4 Qd2 29. h4 Ne6 30. Bd5 Kf6 31. Bxe6 fxe6 32. Kg2 Qe1 33. a4 Kf5 34. Qd3+ Kf6 35. Qe3 Qa1 36. a5 a6 37. Qg5+ Kf7 38. Qxe5 Qb2 39. Qf4+ Ke7 40. Qc7+ Kf6 41. Qd8+ 1-0

[Event "RUS-ch (Women) 1st League 58th"]
[Site "Smolensk"]
[Date "2008.03.03"]
[Round "6"]
[White "Ivanova, Anna"]
[Black "Meshcheriakova, Evgenia"]
[Result "1/2-1/2"]
[WhiteElo "2169"]
[BlackElo "2318"]
[PlyCount "61"]
[EventDate "2008.02.27"]
[EventType "swiss"]
[EventRounds "9"]
[EventCountry "RUS"]
[SourceTitle "CBM 123 Extra"]
[Source "ChessBase"]
[SourceDate "2008.05.06"]
[SourceVersion "1"]
[SourceVersionDate "2008.05.06"]
[SourceQuality "1"]

1. e4 e5 2. Nf3 Nc6 3. Nc3 Nf6 4. d4 exd4 5. Nxd4 Bb4 6. Nxc6 bxc6 7. Bd3 d5 8. exd5 cxd5 9. 0-0 0-0 10. Bg5 c6 11. Qf3 Be7 12. h3 h6 13. Bh4 Rb8 14. b3 Be6 15. Rad1 Qa5 16. Ne2 Rfe8 17. Nd4 Bd7 18. Nf5 Bxf5 19. Qxf5 g6 20. Qf3 Ne4 21. Bxe7 Rxe7 22. Qf4 Rbe8 23. Qxh6 Qxa2 24. f3 Nc3 25. Bxg6 Ne2+ 26. Kh2 fxg6 27. Qxg6+ Kf8 28. Qf6+ Kg8 29. Qg6+ Kf8 30. Qf6+ Kg8 31. Qg6+ 1/2-1/2

[Event "RUS-ch (Women) 1st League 58th"]
[Site "Smolensk"]
[Date "2008.02.29"]
[Round "3"]
[White "Yanovskaya, Olesia"]
[Black "Ivanova, Anna"]
[Result "1/2-1/2"]
[WhiteElo "1904"]
[BlackElo "2169"]
[PlyCount "51"]
[EventDate "2008.02.27"]
[EventType "swiss"]
[EventRounds "9"]
[EventCountry "RUS"]
[SourceTitle "CBM 123 Extra"]
[Source "ChessBase"]
[SourceDate "2008.05.06"]
[SourceVersion "1"]
[SourceVersionDate "2008.05.06"]
[SourceQuality "1"]

1. e4 c5 2. Nc3 Nc6 3. f4 g6 4. Nf3 Bg7 5. Bb5 Nd4 6. 0-0 e6 7. Nxd4 cxd4 8. Ne2 Qb6 9. Bd3 Ne7 10. Kh1 f5 11. Ng3 fxe4 12. Nxe4 0-0 13. b3 Nd5 14. Ba3 Nb4 15. Qg4 Qa5 16. Bxb4 Qxb4 17. Ng5 Rf6 18. Qh4 h6 19. Ne4 Rf7 20. Qg4 d5 21. Ng3 e5 22. Qxg6 e4 23. f5 Rf6 24. Qe8+ Rf8 25. Qg6 Rf6 26. Qe8+ 1/2-1/2

[Event "Bykova Memorial op (Women)"]
[Site "Vladimir"]
[Date "2007.12.22"]
[Round "9"]
[White "Ivanova, Anna"]
[Black "Kindinova, Ekaterina"]
[Result "0-1"]
[WhiteElo "2186"]
[BlackElo "2061"]
[PlyCount "108"]
[EventDate "2007.12.14"]
[EventType "swiss"]
[EventRounds "10"]
[EventCountry "RUS"]
[SourceTitle "CBM 122 Extra"]
[Source "ChessBase"]
[SourceDate "2008.03.04"]
[SourceVersion "1"]
[SourceVersionDate "2008.03.04"]
[SourceQuality "1"]

1. e4 c5 2. c3 Nf6 3. e5 Nd5 4. Nf3 e6 5. d4 cxd4 6. cxd4 b6 7. Nc3 Nxc3 8. bxc3 Qc7 9. Bd2 Bb7 10. Bd3 d6 11. 0-0 Nd7 12. Ng5 dxe5 13. Qh5 g6 14. Qh3 Be7 15. Rfe1 a6 16. dxe5 Nc5 17. Bf1 Rd8 18. Bf4 h5 19. Re3 Rd7 20. Be2 b5 21. Bf3 Nd3 22. Bxb7 Nxf4 23. Qg3 Qxb7 24. Qxf4 Bxg5 25. Qxg5 0-0 26. Rg3 Kh7 27. h4 Rfd8 28. Kh2 Qa7 29. Qf4 Rc8 30. Re1 Rc4 31. Qf6 Qc5 32. Ree3 Qe7 33. Qxe7 Rxe7 34. Kh3 Ra4 35. Re2 Rc7 36. Rf3 Kg7 37. g3 Ra3 38. Rc2 Rc4 39. Rd3 Rca4 40. Rdd2 Re4 41. f4 Re3 42. Rd6 a5 43. c4 Rxg3+ 44. Kh2 bxc4 45. Rxc4 Rg4 46. Rc7 Rxa2+ 47. Kh1 Rxh4+ 48. Kg1 Rg4+ 49. Kh1 Rxf4 50. Kg1 Re4 51. Kf1 Rxe5 52. Rdd7 Rf5+ 53. Ke1 h4 54. Rd4 g5 0-1

[Event "Bykova Memorial op (Women)"]
[Site "Vladimir"]
[Date "2007.12.21"]
[Round "8"]
[White "Bukhteeva, Viktoria"]
[Black "Ivanova, Anna"]
[Result "1/2-1/2"]
[WhiteElo "2065"]
[BlackElo "2186"]
[PlyCount "112"]
[EventDate "2007.12.14"]
[EventType "swiss"]
[EventRounds "10"]
[EventCountry "RUS"]
[SourceTitle "CBM 122 Extra"]
[Source "ChessBase"]
[SourceDate "2008.03.04"]
[SourceVersion "1"]
[SourceVersionDate "2008.03.04"]
[SourceQuality "1"]

1. e4 c5 2. Nf3 d6 3. Bb5+ Bd7 4. Bxd7+ Qxd7 5. 0-0 Nf6 6. Qe2 Nc6 7. c3 e6 8. d4 cxd4 9. cxd4 d5 10. e5 Ne4 11. Nbd2 Nxd2 12. Bxd2 Be7 13. Qd3 Rc8 14. Rae1 h6 15. b4 a6 16. b5 axb5 17. Qxb5 0-0 18. Rb1 Rc7 19. Rb3 Ra8 20. a4 Nd8 21. Qxd7 Rxd7 22. Ra1 Nc6 23. Bc3 Rc7 24. a5 Rac8 25. g3 Ra8 26. Ne1 f6 27. f4 fxe5 28. fxe5 Bg5 29. Ng2 h5 30. Rb6 Ra7 31. h4 Bh6 32. Ra3 Kf7 33. Kf2 g6 34. Nf4 Bxf4 35. gxf4 Ne7 36. Kg3 Nf5+ 37. Kh3 Ne7 38. Kg2 Nc8 39. Rbb3 Ra6 40. Bb4 Na7 41. Bc5 Nc6 42. Bb6 Rd7 43. Kf2 Ra8 44. Rb5 Ne7 45. Kg2 Nf5 46. Kh3 Ne7 47. Kg2 Nc6 48. Bc5 Ke8 49. Bb6 Ne7 50. Kh3 Nc6 51. Rg3 Kf7 52. Ra3 Nb8 53. Rc3 Na6 54. Rb2 Re7 55. Rb5 Rd7 56. Rb2 Re7 1/2-1/2

[Event "Bykova Memorial op (Women)"]
[Site "Vladimir"]
[Date "2007.12.20"]
[Round "7"]
[White "Ivanova, Anna"]
[Black "Shaydullina, Sandugach"]
[Result "1/2-1/2"]
[WhiteElo "2186"]
[BlackElo "2296"]
[PlyCount "86"]
[EventDate "2007.12.14"]
[EventType "swiss"]
[EventRounds "10"]
[EventCountry "RUS"]
[SourceTitle "CBM 122 Extra"]
[Source "ChessBase"]
[SourceDate "2008.03.04"]
[SourceVersion "1"]
[SourceVersionDate "2008.03.04"]
[SourceQuality "1"]

1. e4 c5 2. c3 d5 3. exd5 Qxd5 4. d4 g6 5. Nf3 Bg7 6. Na3 cxd4 7. Bc4 Qe4+ 8. Be3 Nh6 9. cxd4 0-0 10. 0-0 Bg4 11. Bxh6 Bxh6 12. Re1 Bxf3 13. Rxe4 Bxd1 14. Rxd1 e6 15. d5 exd5 16. Bxd5 Nc6 17. Bxc6 bxc6 18. Nc4 Rfe8 19. Rxe8+ Rxe8 20. Kf1 Bf4 21. g3 Bc7 22. Rd7 Rc8 23. Nd6 Bxd6 24. Rxd6 Rc7 25. Ke2 Kf8 26. Kd3 Ke7 27. Rd4 Rb7 28. b4 Rb5 29. a4 Rh5 30. Rh4 Rxh4 31. gxh4 Ke6 32. Kd4 Kd6 33. a5 f6 34. f4 h6 35. Kc4 a6 36. Kd4 Kd7 37. Kc5 Kc7 38. h5 gxh5 39. f5 h4 40. h3 h5 41. Kc4 Kd6 42. Kd4 Kd7 43. Kc5 Kc7 1/2-1/2

[Event "Bykova Memorial op (Women)"]
[Site "Vladimir"]
[Date "2007.12.19"]
[Round "6"]
[White "Ambartsumova, Karina"]
[Black "Ivanova, Anna"]
[Result "1-0"]
[WhiteElo "2228"]
[BlackElo "2186"]
[PlyCount "55"]
[EventDate "2007.12.14"]
[EventType "swiss"]
[EventRounds "10"]
[EventCountry "RUS"]
[SourceTitle "CBM 122 Extra"]
[Source "ChessBase"]
[SourceDate "2008.03.04"]
[SourceVersion "1"]
[SourceVersionDate "2008.03.04"]
[SourceQuality "1"]

1. e4 c5 2. Nf3 d6 3. d4 cxd4 4. Nxd4 Nf6 5. Nc3 Nc6 6. f3 Qb6 7. Be3 e5 8. Nf5 Qxb2 9. Nb5 Bxf5 10. Rb1 Qxa2 11. Nc7+ Kd8 12. Nxa8 Bc8 13. Bb5 Bd7 14. Bxc6 Bxc6 15. Ra1 Qc4 16. Rxa7 d5 17. exd5 Nxd5 18. Nb6 Qc3+ 19. Bd2 Qc5 20. Ra8+ Ke7 21. Ba5 Qe3+ 22. Kf1 Bb5+ 23. c4 Bxc4+ 24. Nxc4 b6 25. Bxb6 Qxb6 26. Nxb6 Ne3+ 27. Ke2 Nxd1 28. Rxd1 1-0

[Event "Bykova Memorial op (Women)"]
[Site "Vladimir"]
[Date "2007.12.18"]
[Round "5"]
[White "Charochkina, Daria"]
[Black "Ivanova, Anna"]
[Result "1-0"]
[WhiteElo "2403"]
[BlackElo "2186"]
[PlyCount "99"]
[EventDate "2007.12.14"]
[EventType "swiss"]
[EventRounds "10"]
[EventCountry "RUS"]
[SourceTitle "CBM 122 Extra"]
[Source "ChessBase"]
[SourceDate "2008.03.04"]
[SourceVersion "1"]
[SourceVersionDate "2008.03.04"]
[SourceQuality "1"]

1. e4 c5 2. Nf3 Nc6 3. d4 cxd4 4. Nxd4 d6 5. c4 Nf6 6. f3 e6 7. Nc3 Be7 8. Be2 a6 9. Nc2 Qc7 10. 0-0 0-0 11. Kh1 b6 12. b3 Bb7 13. Bb2 Rac8 14. Ne3 Rfd8 15. Qe1 Na7 16. Rc1 Qb8 17. Bd3 b5 18. Ne2 bxc4 19. Nxc4 Nc6 20. Bb1 Ne5 21. Ne3 Rxc1 22. Qxc1 Ned7 23. Qe1 d5 24. exd5 Nxd5 25. Nc4 Bf6 26. Ba3 Ne5 27. Qf2 Nxc4 28. bxc4 Nf4 29. Ng3 Qc7 30. Qc2 g6 31. Ne4 Bxe4 32. Qxe4 Rd4 33. Qa8+ Bd8 34. c5 Qa5 35. c6 Qg5 36. g3 Qb5 37. Rg1 Qd5 38. Be4 Rxe4 39. Bd6 Qxd6 40. fxe4 Nh3 41. c7 Qxc7 42. Rf1 Qd6 43. Qb7 Be7 44. Qc8+ Bf8 45. Qe8 f5 46. Qc8 Ng5 47. Rc1 Qd3 48. Qc2 Qf3+ 49. Qg2 Nxe4 50. Qxf3 1-0

[Event "RUS-ch (Women) 1st League 57th"]
[Site "Obninsk"]
[Date "2007.03.01"]
[Round "6"]
[White "Sukhareva, Valentina"]
[Black "Ivanova, Anna"]
[Result "1-0"]
[WhiteElo "2002"]
[BlackElo "2181"]
[PlyCount "39"]
[EventDate "2007.02.24"]
[EventType "swiss"]
[EventRounds "9"]
[EventCountry "RUS"]
[SourceTitle "EXT 2010"]
[Source "ChessBase"]
[SourceDate "2010.11.25"]
[SourceVersion "1"]
[SourceVersionDate "2010.11.25"]
[SourceQuality "1"]

1. d4 d5 2. e3 Nf6 3. Bd3 e6 4. Nd2 c5 5. c3 Bd6 6. f4 0-0 7. Ngf3 b6 8. Ne5 Bb7 9. Qf3 Qe7 10. b3 Nfd7 11. Bb2 f6 12. Bxh7+ Kxh7 13. Qh3+ Kg8 14. Ng6 Qe8 15. Qh8+ Kf7 16. Qh5 Rg8 17. Nf3 Nf8 18. Ng5+ fxg5 19. Ne5+ Ke7 20. Qxg5# 1-0

[Event "Bykova Memorial op (Women) 4th"]
[Site "Vladimir"]
[Date "2006.12.22"]
[Round "9"]
[White "Ivanova, Anna"]
[Black "Doluhanova, Evgeniya"]
[Result "1-0"]
[WhiteElo "2157"]
[BlackElo "2219"]
[PlyCount "161"]
[EventDate "2006.12.14"]
[EventType "swiss"]
[EventRounds "10"]
[EventCountry "RUS"]
[SourceTitle "EXT 2019"]
[Source "ChessBase"]
[SourceDate "2018.10.10"]
[SourceVersion "1"]
[SourceVersionDate "2018.10.10"]
[SourceQuality "1"]

1. e4 g6 2. d4 Bg7 3. Nf3 d5 4. exd5 Qxd5 5. Be2 Nf6 6. 0-0 0-0 7. c4 Qd8 8. Nc3 c6 9. Bf4 h6 10. Qd2 Kh7 11. d5 Nh5 12. Be3 Nf6 13. Rfd1 cxd5 14. cxd5 Bf5 15. Rac1 a6 16. a4 Ng4 17. Bd4 Bxd4 18. Qxd4 Qd6 19. h3 Nf6 20. Ne5 Nbd7 21. Nc4 Qb8 22. Ne3 e5 23. dxe6 Bxe6 24. Ncd5 Nxd5 25. Nxd5 Bxd5 26. Qxd5 Nb6 27. Qb3 Qe8 28. Bg4 h5 29. Bxh5 Qxa4 30. Bxg6+ fxg6 31. Qxb6 Qf4 32. Rc7+ Rf7 33. Rxf7+ Qxf7 34. Rc1 Re8 35. Qc7 Re7 36. Qg3 b5 37. Qh4+ Kg7 38. Qd4+ Kh7 39. Rc8 Re8 40. Qh4+ Kg7 41. Qd4+ Kh7 42. Rxe8 Qxe8 43. Qa7+ Kh8 44. Qd4+ Kh7 45. b4 Qe1+ 46. Kh2 Qe6 47. g3 Qc4 48. Qh4+ Kg7 49. Qe7+ Kg8 50. Qd6 Kg7 51. h4 Qe2 52. Qf4 Qe1 53. Kg2 Qe7 54. Qd4+ Kh7 55. Qc5 Qb7+ 56. Kg1 Qe4 57. Qf8 Qb1+ 58. Kh2 Qe4 59. Qf7+ Kh8 60. Qf4 Qe6 61. g4 Kh7 62. h5 gxh5 63. gxh5 Qd5 64. h6 Qh5+ 65. Kg3 Qg6+ 66. Kh3 Qh5+ 67. Kg2 Qg6+ 68. Kf3 Qd3+ 69. Kg4 Qe2+ 70. f3 Qg2+ 71. Qg3 Qc2 72. Qf4 Qg2+ 73. Kf5 Qg6+ 74. Ke5 Qe8+ 75. Kd5 Qg8+ 76. Kc5 Qc8+ 77. Kb6 Qe6+ 78. Kb7 Qc4 79. Qf8 Qd5+ 80. Kxa6 Qe6+ 81. Kxb5 1-0

[Event "Bykova Memorial op (Women) 4th"]
[Site "Vladimir"]
[Date "2006.12.18"]
[Round "5"]
[White "Ivanova, Anna"]
[Black "Golubenko, Valentina"]
[Result "0-1"]
[WhiteElo "2157"]
[BlackElo "2236"]
[PlyCount "100"]
[EventDate "2006.12.14"]
[EventType "swiss"]
[EventRounds "10"]
[EventCountry "RUS"]
[SourceTitle "EXT 2019"]
[Source "ChessBase"]
[SourceDate "2018.10.10"]
[SourceVersion "1"]
[SourceVersionDate "2018.10.10"]
[SourceQuality "1"]

1. e4 c5 2. c3 Nf6 3. e5 Nd5 4. d4 cxd4 5. Nf3 Nc6 6. Bc4 Nb6 7. Bb3 d5 8. exd6 Qxd6 9. 0-0 Na5 10. Na3 Nxb3 11. axb3 a6 12. Nxd4 g6 13. Be3 Bg7 14. Nf5 Bxf5 15. Qxd6 exd6 16. Bxb6 0-0 17. Rad1 Rfc8 18. Nc4 Bc2 19. Rxd6 Bxb3 20. Na5 Be6 21. Rfd1 Be5 22. Rd8+ Rxd8 23. Rxd8+ Rxd8 24. Bxd8 Bd5 25. Bb6 Kf8 26. c4 Be6 27. Bc5+ Ke8 28. b3 Kd7 29. Bb6 Bc7 30. c5 Bxb6 31. cxb6 Bd5 32. f4 Kd6 33. b4 Ke6 34. g4 g5 35. fxg5 Ke5 36. Kf2 Kd4 37. h4 Kc3 38. Ke3 Bh1 39. Kf4 Kxb4 40. Nxb7 Bxb7 41. Ke5 a5 42. Kf6 a4 43. Kg7 a3 44. h5 a2 45. Kxh7 a1Q 46. h6 Qb1+ 47. Kh8 Qg6 48. h7 f6 49. gxf6 Qxf6+ 50. Kg8 Bd5# 0-1

[Event "Bykova Memorial op (Women) 4th"]
[Site "Vladimir"]
[Date "2006.12.15"]
[Round "2"]
[White "Ivanova, Anna"]
[Black "Grabuzova, Tatiana"]
[Result "1-0"]
[WhiteElo "2157"]
[BlackElo "2357"]
[PlyCount "121"]
[EventDate "2006.12.14"]
[EventType "swiss"]
[EventRounds "10"]
[EventCountry "RUS"]
[SourceTitle "EXT 2019"]
[Source "ChessBase"]
[SourceDate "2018.10.10"]
[SourceVersion "1"]
[SourceVersionDate "2018.10.10"]
[SourceQuality "1"]

1. e4 e6 2. d4 d5 3. Nd2 a6 4. Ngf3 c5 5. c3 cxd4 6. cxd4 Bd7 7. Bd3 Bb5 8. Bxb5+ axb5 9. Qe2 b4 10. exd5 Qxd5 11. Nc4 Nd7 12. 0-0 Ngf6 13. Rd1 Be7 14. Ne3 Qe4 15. Qb5 0-0 16. Bd2 Ra6 17. Ne5 Rb6 18. Qa5 Rd8 19. Nxd7 Nxd7 20. d5 Ra6 21. Qc7 exd5 22. Qxb7 Nc5 23. Qb5 d4 24. Bxb4 dxe3 25. Bxc5 Rg6 26. Rxd8+ Bxd8 27. f3 Qe5 28. Qd7 Qxc5 29. Qxd8+ Qf8 30. Qxf8+ Kxf8 31. g3 Rc6 32. a4 Rc2 33. b4 Rb2 34. b5 Ke7 35. Ra3 e2 36. Kf2 Kd6 37. h4 f5 38. Rd3+ Kc5 39. Rd7 f4 40. g4 Kc4 41. Rxg7 e1Q+ 42. Kxe1 Kd3 43. Re7 Rb1+ 44. Kf2 Rb2+ 45. Kf1 Rb1+ 46. Kg2 Rb2+ 47. Kh3 h6 48. g5 h5 49. Re4 Rb1 50. Kg2 Rb2+ 51. Kf1 Rb1+ 52. Kf2 Rb2+ 53. Kf1 Rb1+ 54. Re1 Rb4 55. Ra1 Rb3 56. a5 Rxb5 57. a6 Rb8 58. a7 Ra8 59. g6 Ke3 60. Ra3+ Kd2 61. g7 1-0

[Event "Chigorin Memorial-B 14th"]
[Site "St Petersburg"]
[Date "2006.10.30"]
[Round "9"]
[White "Ivanova, Anna"]
[Black "Fedoseev, Sergey"]
[Result "1/2-1/2"]
[WhiteElo "2157"]
[BlackElo "2277"]
[PlyCount "68"]
[EventDate "2006.10.23"]
[EventType "swiss"]
[EventRounds "9"]
[EventCountry "RUS"]
[SourceTitle "EXT 2007"]
[Source "ChessBase"]
[SourceDate "2006.11.23"]
[SourceVersion "1"]
[SourceVersionDate "2006.11.23"]
[SourceQuality "1"]

1. e4 e5 2. c3 g6 3. d4 exd4 4. cxd4 d5 5. exd5 a6 6. a4 Nf6 7. Bc4 Bg7 8. Nc3 0-0 9. Nf3 Nbd7 10. a5 b5 11. Bb3 Bb7 12. d6 cxd6 13. 0-0 Re8 14. Bf4 d5 15. Re1 Rxe1+ 16. Qxe1 Nf8 17. Qd2 Ne6 18. Be5 Ne4 19. Qe3 Bxe5 20. Nxe5 Nxc3 21. Qxc3 Rc8 22. Qf3 f6 23. Qg4 Qe7 24. Nd3 f5 25. Qe2 Qf6 26. Qe5 Kg7 27. Re1 Nxd4 28. Bxd5 Qxe5 29. Rxe5 Bxd5 30. Rxd5 Nb3 31. Rd7+ Kg8 32. Rd6 Ra8 33. Nb4 Nxa5 34. Rxa6 Rxa6 1/2-1/2

[Event "Chigorin Memorial-B 14th"]
[Site "St Petersburg"]
[Date "2006.10.28"]
[Round "7"]
[White "Ivanova, Anna"]
[Black "Nikolaev, Vadim S"]
[Result "1-0"]
[WhiteElo "2157"]
[BlackElo "2255"]
[PlyCount "85"]
[EventDate "2006.10.23"]
[EventType "swiss"]
[EventRounds "9"]
[EventCountry "RUS"]
[SourceTitle "EXT 2007"]
[Source "ChessBase"]
[SourceDate "2006.11.23"]
[SourceVersion "1"]
[SourceVersionDate "2006.11.23"]
[SourceQuality "1"]

1. e4 c5 2. c3 Nf6 3. e5 Nd5 4. d4 cxd4 5. Nf3 d6 6. Bc4 e6 7. cxd4 Nc6 8. 0-0 Be7 9. Qe2 a6 10. Nc3 Nxc3 11. bxc3 dxe5 12. Nxe5 Nxe5 13. Qxe5 0-0 14. Re1 Bd6 15. Qh5 g6 16. Qh6 Re8 17. Bg5 Be7 18. Bxe7 Qxe7 19. Re3 Qf8 20. Qf4 b5 21. Bd3 Bb7 22. h4 Rac8 23. Rc1 Red8 24. h5 Rd5 25. hxg6 hxg6 26. Rg3 Qg7 27. Re1 Re8 28. Qc7 Bc8 29. Be4 Rd7 30. Qb8 Qf8 31. Qe5 Qg7 32. Bc6 f6 33. Qe4 f5 34. Qe5 Qxe5 35. Rxe5 Kf7 36. Rh3 Kf6 37. Bxd7 Bxd7 38. Rh7 Rd8 39. Rc5 b4 40. Rc7 Ba4 41. f4 e5 42. dxe5+ Ke6 43. c4 1-0

[Event "Chigorin Memorial-B 14th"]
[Site "St Petersburg"]
[Date "2006.10.25"]
[Round "4"]
[White "Chehlov, Aleksander"]
[Black "Ivanova, Anna"]
[Result "1/2-1/2"]
[WhiteElo "2222"]
[BlackElo "2157"]
[PlyCount "238"]
[EventDate "2006.10.23"]
[EventType "swiss"]
[EventRounds "9"]
[EventCountry "RUS"]
[SourceTitle "EXT 2007"]
[Source "ChessBase"]
[SourceDate "2006.11.23"]
[SourceVersion "1"]
[SourceVersionDate "2006.11.23"]
[SourceQuality "1"]

1. e4 c5 2. Nf3 d6 3. d4 cxd4 4. Nxd4 Nf6 5. Nc3 g6 6. Be3 Bg7 7. f3 Nc6 8. Qd2 0-0 9. Bc4 Bd7 10. 0-0-0 Qa5 11. Kb1 Ne5 12. Bb3 Rfc8 13. h4 b5 14. Ncxb5 Qxd2 15. Rxd2 Rab8 16. Nc3 a5 17. a4 Nc4 18. Bxc4 Rxc4 19. Rd3 Bxa4 20. Nxa4 Rxa4 21. Rb3 Rab4 22. Rxb4 axb4 23. Rd1 Kf8 24. Nc6 Rb7 25. e5 Ne8 26. f4 dxe5 27. fxe5 Rc7 28. Nxb4 Bxe5 29. Rd8 f5 30. Nd3 Bf6 31. Bg5 Kf7 32. Bxf6 Nxf6 33. c4 Ng4 34. b3 e5 35. g3 h6 36. Rd5 e4 37. Nf4 Ne3 38. Rd6 g5 39. hxg5 hxg5 40. Ne6 Ke7 41. Rb6 Rc8 42. Nd4 Rc5 43. Rg6 g4 44. Ne2 Kf7 45. Rh6 Kg7 46. Rh1 Rc8 47. Nf4 Rb8 48. Ka2 Nc2 49. Rd1 e3 50. Rd7+ Kf6 51. Kb2 Nb4 52. c5 Re8 53. Ne2 Ke5 54. Kc3 Nd5+ 55. Kc4 Nf6 56. Rd4 Ne4 57. b4 Ra8 58. Rd5+ Kf6 59. Rd3 Nd2+ 60. Kb5 Rb8+ 61. Kc6 Nc4 62. Kc7 Rxb4 63. Rc3 Ke5 64. c6 Ke4 65. Nf4 Ne5 66. Kd8 Nxc6+ 67. Rxc6 Kf3 68. Ke7 Rxf4 69. gxf4 Kxf4 70. Kf6 g3 71. Rc4+ Kf3 72. Kxf5 g2 73. Rf4+ Ke2 74. Rg4 Kf2 75. Rf4+ Kg1 76. Re4 Kh2 77. Rh4+ Kg3 78. Rg4+ Kh3 79. Kf4 e2 80. Rg3+ Kh2 81. Re3 g1Q 82. Rxe2+ Kh3 83. Re3+ Kh4 84. Re4 Qg5+ 85. Kf3+ Kh3 86. Re3 Qg4+ 87. Kf2+ Kh4 88. Rf3 Qe4 89. Re3 Qd4 90. Kf3 Qd1+ 91. Kf2 Kg4 92. Re4+ Kf5 93. Re1 Qd4+ 94. Kf3 Qf4+ 95. Kg2 Qd2+ 96. Kf1 Kf4 97. Re2 Qd1+ 98. Kf2 Qh1 99. Rd2 Qf3+ 100. Ke1 Qc3 101. Ke2 Ke4 102. Kd1 Ke3 103. Re2+ Kf3 104. Rf2+ Kg3 105. Rd2 Qa1+ 106. Ke2 Qg1 107. Rd3+ Kf4 108. Rc3 Qd4 109. Rd3 Qc4 110. Kd2 Ke4 111. Rc3 Qb4 112. Kc2 Kd4 113. Rb3 Qe1 114. Ra3 Qe2+ 115. Kc1 Kc4 116. Kb1 Kb4 117. Ra2 Qd3+ 118. Kb2 Qd2+ 119. Kb1 Qxa2+ 1/2-1/2

[Event "Bykova Memorial-C (Women)"]
[Site "Vladimir"]
[Date "2005.12.18"]
[Round "11"]
[White "Ivanova, Anna"]
[Black "Doroshenko, Diana"]
[Result "1-0"]
[WhiteElo "2075"]
[BlackElo "2082"]
[PlyCount "53"]
[EventDate "2005.12.07"]
[EventType "tourn"]
[EventRounds "11"]
[EventCountry "RUS"]
[SourceTitle "CBM 109 Extra"]
[Source "ChessBase"]
[SourceDate "2006.01.03"]
[SourceVersion "2"]
[SourceVersionDate "2006.01.03"]
[SourceQuality "1"]

1. e4 c5 2. c3 d5 3. exd5 Qxd5 4. d4 Nf6 5. Nf3 e6 6. Be3 cxd4 7. cxd4 Nc6 8. Nc3 Qd6 9. Bd3 Be7 10. a3 0-0 11. 0-0 Rd8 12. Qe2 Nd5 13. Nxd5 Qxd5 14. Rad1 Bf6 15. Rfe1 Qd6 16. Ng5 h6 17. Bh7+ Kf8 18. Ne4 Qd5 19. Nxf6 gxf6 20. Be4 Qa5 21. d5 Ne7 22. b4 Qa4 23. Qh5 Ke8 24. Qxh6 e5 25. d6 Ng8 26. Qg7 Be6 27. d7+ 1-0

[Event "Bykova Memorial-C (Women)"]
[Site "Vladimir"]
[Date "2005.12.13"]
[Round "7"]
[White "Doluhanova, Evgeniya"]
[Black "Ivanova, Anna"]
[Result "0-1"]
[WhiteElo "2270"]
[BlackElo "2075"]
[PlyCount "98"]
[EventDate "2005.12.07"]
[EventType "tourn"]
[EventRounds "11"]
[EventCountry "RUS"]
[SourceTitle "CBM 109 Extra"]
[Source "ChessBase"]
[SourceDate "2006.01.03"]
[SourceVersion "2"]
[SourceVersionDate "2006.01.03"]
[SourceQuality "1"]

1. e4 c5 2. Nf3 d6 3. d4 cxd4 4. Nxd4 Nf6 5. Nc3 g6 6. Be3 Bg7 7. f3 Nc6 8. Qd2 0-0 9. 0-0-0 d5 10. Nxc6 bxc6 11. exd5 Nxd5 12. Nxd5 cxd5 13. Bd4 e5 14. Bc5 Be6 15. Kb1 Rb8 16. Bxa7 Rb7 17. Bc5 Qb8 18. b3 Rc8 19. Ba3 Bf5 20. Bd3 e4 21. fxe4 dxe4 22. Bc4 e3 23. Qd6 Qxd6 24. Rxd6 Bf8 25. Ba6 Rxc2 26. Bxb7 Rxg2+ 27. Kc1 Rc2+ 28. Kd1 Be7 29. Rxg6+ hxg6 30. Bxe7 Rc7 31. Bf3 Rxe7 32. Ke2 Bc8 33. Rc1 Ba6+ 34. Ke1 Kg7 35. b4 Re5 36. Rc3 Bb5 37. Be2 f5 38. Bxb5 Rxb5 39. Rc4 g5 40. Ke2 f4 41. h4 Re5 42. Rc1 gxh4 43. Rf1 Re4 44. a3 Kg6 45. Rh1 Kg5 46. Rg1+ Kf5 47. Rg8 f3+ 48. Kxf3 e2 49. Rf8+ Kg6 0-1

[Event "Bykova Memorial-C (Women)"]
[Site "Vladimir"]
[Date "2005.12.10"]
[Round "4"]
[White "Ivanova, Anna"]
[Black "Ivanova, Svetlana"]
[Result "1-0"]
[WhiteElo "2075"]
[BlackElo "2264"]
[PlyCount "81"]
[EventDate "2005.12.07"]
[EventType "tourn"]
[EventRounds "11"]
[EventCountry "RUS"]
[SourceTitle "CBM 109 Extra"]
[Source "ChessBase"]
[SourceDate "2006.01.03"]
[SourceVersion "2"]
[SourceVersionDate "2006.01.03"]
[SourceQuality "1"]

1. e4 c5 2. c3 d5 3. exd5 Qxd5 4. d4 e6 5. Nf3 Nf6 6. Be3 cxd4 7. cxd4 Be7 8. Nc3 Qd8 9. Bd3 Nc6 10. a3 Nd5 11. 0-0 Bf6 12. Nxd5 Qxd5 13. Qe2 0-0 14. Rad1 Ne7 15. Bf4 g6 16. Be5 Bg7 17. Rfe1 Qd8 18. h4 Nd5 19. Bxg7 Kxg7 20. h5 Qf6 21. Qd2 Bd7 22. Ne5 Ba4 23. b3 Be8 24. Re4 Qe7 25. Bc4 Rd8 26. Nf3 Bc6 27. Rh4 Rh8 28. h6+ Kf8 29. Re1 Ke8 30. Rhe4 Rd6 31. Ne5 f6 32. Nd3 b6 33. Nb4 Kd7 34. Nxc6 Kxc6 35. Bxd5+ Kxd5 36. Qb4 Kc6 37. d5+ Kb7 38. Rxe6 Rxe6 39. Qxe7+ Rxe7 40. Rxe7+ Kb8 41. d6 1-0